Performing Sustainability in West Africa : Cultural Practices and Policies for Sustainable Development.

Bibliographic Details
Main Author: Lettau, Meike.
Other Authors: Mtaku, Christopher Yusufu., Otchere, Eric Debrah.
Format: eBook
Language:English
Published: Milton : Taylor & Francis Group, 2022.
Edition:1st ed.
Series:Routledge Studies in Culture and Sustainable Development Series
Subjects:
Online Access:Click to View
LEADER 01733nam a22004093i 4500
001 EBC7245571
003 MiAaPQ
005 20231204023229.0
006 m o d |
007 cr cnu||||||||
008 231204s2022 xx o ||||0 eng d
020 |a 9781000756005  |q (electronic bk.) 
020 |z 9781032198231 
035 |a (MiAaPQ)EBC7245571 
035 |a (Au-PeEL)EBL7245571 
035 |a (OCoLC)1378935303 
040 |a MiAaPQ  |b eng  |e rda  |e pn  |c MiAaPQ  |d MiAaPQ 
082 0 |a 306.4840966 
100 1 |a Lettau, Meike. 
245 1 0 |a Performing Sustainability in West Africa :  |b Cultural Practices and Policies for Sustainable Development. 
250 |a 1st ed. 
264 1 |a Milton :  |b Taylor & Francis Group,  |c 2022. 
264 4 |c Ã2023. 
300 |a 1 online resource (237 pages) 
336 |a text  |b txt  |2 rdacontent 
337 |a computer  |b c  |2 rdamedia 
338 |a online resource  |b cr  |2 rdacarrier 
490 1 |a Routledge Studies in Culture and Sustainable Development Series 
588 |a Description based on publisher supplied metadata and other sources. 
590 |a Electronic reproduction. Ann Arbor, Michigan : ProQuest Ebook Central, 2023. Available via World Wide Web. Access may be limited to ProQuest Ebook Central affiliated libraries.  
655 4 |a Electronic books. 
700 1 |a Mtaku, Christopher Yusufu. 
700 1 |a Otchere, Eric Debrah. 
776 0 8 |i Print version:  |a Lettau, Meike  |t Performing Sustainability in West Africa  |d Milton : Taylor & Francis Group,c2022  |z 9781032198231 
797 2 |a ProQuest (Firm) 
830 0 |a Routledge Studies in Culture and Sustainable Development Series 
856 4 0 |u https://ebookcentral.proquest.com/lib/matrademy/detail.action?docID=7245571  |z Click to View